[Event "Trieste op 21st"]
[Site "Trieste"]
[Date "2019.09.03"]
[Round "5"]
[White "Kopisch, Martin"]
[Black "Pasini, Nicolo"]
[Result "0-1"]
[WhiteElo "2100"]
[BlackElo "2247"]
[PlyCount "72"]
[EventDate "2019.08.31"]
[EventType "swiss"]
[EventRounds "9"]
[EventCountry "ITA"]
[SourceTitle "EXT 2020"]
[Source "ChessBase"]
[SourceDate "2019.10.17"]
[SourceVersion "1"]
[SourceVersionDate "2019.10.17"]
[SourceQuality "1"]

1. d4 d5 2. Bf4 c5 3. e3 Nc6 4. c3 Nf6 5. Nd2 cxd4 6. exd4 Bf5 7. Ngf3 e6 8. Be2 Bd6 9. Bg3 0-0 10. Nh4 Be4 11. Nhf3 Bf5 12. Nh4 Be4 13. Nhf3 Qc7 14. 0-0 Bxg3 15. hxg3 Rab8 16. Ng5 b5 17. a3 a5 18. Re1 Bg6 19. Nb3 Nd7 20. Bd3 Bxd3 21. Qxd3 g6 22. f4 b4 23. cxb4 axb4 24. a4 Na5 25. Rac1 Qa7 26. Nd2 b3 27. Rc3 Rb4 28. Ndf3 Rfb8 29. g4 Nc4 30. Nxf7 Kxf7 31. Ng5+ Kg8 32. Nxh7 Kxh7 33. g5 Nf8 34. Qh3+ Kg8 35. Rxe6 Nxe6 36. Qxe6+ Qf7 0-1

[Event "GER-ch Seniors 50"]
[Site "Hamburg"]
[Date "2018.07.21"]
[Round "1"]
[White "Kopisch, Martin"]
[Black "Schierwater, Bernd"]
[Result "1-0"]
[WhiteElo "2114"]
[BlackElo "1707"]
[PlyCount "59"]
[EventDate "2018.07.21"]
[EventType "swiss"]
[EventRounds "9"]
[EventCountry "GER"]
[SourceTitle "CBM 186 Extra"]
[Source "ChessBase"]
[SourceDate "2018.08.24"]
[SourceVersion "1"]
[SourceVersionDate "2018.08.24"]
[SourceQuality "1"]

1. d4 d5 2. Bg5 f6 3. Bh4 e5 4. e3 Bf5 5. dxe5 Bb4+ 6. c3 Bc5 7. exf6 Nxf6 8. Bxf6 Qxf6 9. Qxd5 Nd7 10. Nf3 Be6 11. Qg5 Qf7 12. Nbd2 0-0 13. Qh4 Be7 14. Qa4 Nc5 15. Qc2 Rad8 16. b4 Rxd2 17. Qxd2 Ne4 18. Qb2 Rd8 19. Nd4 b6 20. Bd3 Bd5 21. Qc2 Ng5 22. e4 c5 23. Nf5 Qe6 24. Nxe7+ Qxe7 25. bxc5 Bxe4 26. Bxe4 Nxe4 27. 0-0 Rc8 28. Qb3+ Kf8 29. cxb6 axb6 30. Rae1 1-0

[Event "Lignano Sabbiadoro op 3rd"]
[Site "Lignano Sabbiadoro"]
[Date "2017.08.04"]
[Round "7"]
[White "Loiacono, Antonio"]
[Black "Kopisch, Martin"]
[Result "1-0"]
[WhiteElo "2162"]
[BlackElo "2138"]
[PlyCount "63"]
[EventDate "2017.07.30"]
[EventType "swiss"]
[EventRounds "9"]
[EventCountry "ITA"]
[SourceTitle "CBM 179 Extra"]
[Source "ChessBase"]
[SourceDate "2017.08.23"]
[SourceVersion "1"]
[SourceVersionDate "2017.08.23"]
[SourceQuality "1"]

1. e4 e5 2. Nf3 Nf6 3. Nc3 Bb4 4. Nxe5 0-0 5. Nd3 Bxc3 6. dxc3 Nxe4 7. Be2 d5 8. 0-0 c6 9. Be3 Be6 10. Nf4 Qe7 11. Nxe6 Qxe6 12. Re1 f5 13. Bf1 Qg6 14. f3 Nf6 15. Bc5 Re8 16. Rxe8+ Nxe8 17. Qd2 Nd7 18. Bf2 a6 19. Re1 Nef6 20. c4 Re8 21. Rxe8+ Qxe8 22. cxd5 Nxd5 23. c4 N5f6 24. b4 Qe7 25. a4 h6 26. b5 axb5 27. cxb5 cxb5 28. Bxb5 Kh7 29. Qc2 g6 30. Bf1 Ne5 31. a5 Qe6 32. Qc7+ 1-0

[Event "Lignano Sabbiadoro op 3rd"]
[Site "Lignano Sabbiadoro"]
[Date "2017.08.01"]
[Round "4"]
[White "Kopisch, Martin"]
[Black "Szep, Attila"]
[Result "1/2-1/2"]
[WhiteElo "2138"]
[BlackElo "2049"]
[PlyCount "99"]
[EventDate "2017.07.30"]
[EventType "swiss"]
[EventRounds "9"]
[EventCountry "ITA"]
[SourceTitle "CBM 179 Extra"]
[Source "ChessBase"]
[SourceDate "2017.08.23"]
[SourceVersion "1"]
[SourceVersionDate "2017.08.23"]
[SourceQuality "1"]

1. d4 d5 2. Bg5 Bf5 3. e3 h6 4. Bh4 c6 5. Bd3 Bxd3 6. Qxd3 Nd7 7. Nd2 Ngf6 8. f4 e6 9. Ngf3 Be7 10. 0-0 0-0 11. h3 Nh7 12. Bxe7 Qxe7 13. Rab1 c5 14. b3 a6 15. c4 Nhf6 16. Ne5 Rfd8 17. g4 Nxe5 18. fxe5 Nh7 19. Rf3 Rd7 20. Rbf1 Rf8 21. cxd5 Rxd5 22. Nc4 f6 23. exf6 gxf6 24. Qg6+ Qg7 25. Qxg7+ Kxg7 26. Nb6 Rdd8 27. dxc5 Ng5 28. Rg3 Ne4 29. Rg2 Nxc5 30. Rc2 Ne4 31. Rc7+ Rf7 32. Rfc1 Rd3 33. Rxf7+ Kxf7 34. Rc7+ Kg6 35. Rxb7 Rxe3 36. Re7 e5 37. Kg2 Rg3+ 38. Kh2 Rd3 39. Nc4 Rc3 40. Re6 Rc2+ 41. Kg1 Rxa2 42. Nxe5+ Kg5 43. Nf7+ Kf4 44. Nxh6 Nd2 45. Rxf6+ Kg3 46. Nf5+ Kxh3 47. Ne3 Ra1+ 48. Nf1 Kxg4 49. Kg2 Nxf1 50. Rxf1 1/2-1/2

[Event "Lignano Sabbiadoro op 3rd"]
[Site "Lignano Sabbiadoro"]
[Date "2017.07.30"]
[Round "1"]
[White "Beletic, Daniel"]
[Black "Kopisch, Martin"]
[Result "1-0"]
[WhiteElo "2314"]
[BlackElo "2138"]
[PlyCount "73"]
[EventDate "2017.07.30"]
[EventType "swiss"]
[EventRounds "9"]
[EventCountry "ITA"]
[SourceTitle "CBM 179 Extra"]
[Source "ChessBase"]
[SourceDate "2017.08.23"]
[SourceVersion "1"]
[SourceVersionDate "2017.08.23"]
[SourceQuality "1"]

1. d4 d5 2. c4 c6 3. Nf3 Nf6 4. e3 a6 5. b3 Bg4 6. Be2 Nbd7 7. Bb2 e6 8. Nbd2 Be7 9. 0-0 0-0 10. Ne5 Bxe2 11. Qxe2 Nxe5 12. dxe5 Nd7 13. e4 dxc4 14. Nxc4 Qc7 15. Rad1 b5 16. Nd6 Rad8 17. f4 Bxd6 18. exd6 Qb6+ 19. Kh1 f6 20. Qg4 Rde8 21. Rf3 Rf7 22. e5 f5 23. Qh4 c5 24. Qf2 Rc8 25. Rc1 Rff8 26. Rh3 g6 27. Qd2 Rc6 28. Qe1 Rfc8 29. Qh4 Nf8 30. Qe7 Qd8 31. Rxh7 Nxh7 32. Qxe6+ Kh8 33. Qf7 c4 34. e6+ c3 35. Rxc3 Rxc3 36. e7 Qg8 37. d7 1-0

[Event "Berlin Kreuzberg op"]
[Site "Berlin"]
[Date "2015.07.19"]
[Round "9"]
[White "Kopisch, Martin"]
[Black "Kather, Yannick"]
[Result "1/2-1/2"]
[WhiteElo "2139"]
[BlackElo "2037"]
[PlyCount "40"]
[EventDate "2015.07.11"]
[EventType "swiss"]
[EventRounds "9"]
[EventCountry "GER"]
[SourceTitle "CBM 167 Extra"]
[Source "ChessBase"]
[SourceDate "2015.09.14"]
[SourceVersion "1"]
[SourceVersionDate "2015.09.14"]
[SourceQuality "1"]

1. d4 Nf6 2. Bg5 e6 3. e3 d5 4. Bd3 c5 5. c3 Nc6 6. f4 Be7 7. Nf3 c4 8. Bc2 b5 9. 0-0 Rb8 10. a3 a5 11. Ne5 Qc7 12. Nd2 Bd7 13. Ndf3 h6 14. Bh4 Ne4 15. Nxc6 Bxc6 16. Bxe7 Qxe7 17. Ne5 Bb7 18. f5 exf5 19. Rxf5 0-0 20. Bxe4 dxe4 1/2-1/2

[Event "Berlin Kreuzberg op"]
[Site "Berlin"]
[Date "2015.07.16"]
[Round "6"]
[White "Kopisch, Martin"]
[Black "Stern, Rene"]
[Result "0-1"]
[WhiteElo "2139"]
[BlackElo "2533"]
[PlyCount "52"]
[EventDate "2015.07.11"]
[EventType "swiss"]
[EventRounds "9"]
[EventCountry "GER"]
[SourceTitle "CBM 167 Extra"]
[Source "ChessBase"]
[SourceDate "2015.09.14"]
[SourceVersion "1"]
[SourceVersionDate "2015.09.14"]
[SourceQuality "1"]

1. c4 e6 2. Nc3 d5 3. d4 Nf6 4. Nf3 Nbd7 5. Bf4 dxc4 6. e3 b5 7. Nxb5 Nd5 8. Bxc4 Bb4+ 9. Kf1 Nxf4 10. exf4 0-0 11. g3 Bb7 12. Kg2 a6 13. Nc3 c5 14. a3 Bxc3 15. bxc3 Qa5 16. Qd3 Rac8 17. Rac1 Rc7 18. d5 exd5 19. Bxd5 c4 20. Bxc4 Rfc8 21. Rhd1 Nf6 22. Qd8+ Ne8 23. Bxf7+ Kxf7 24. Rd7+ Kg8 25. Qe7 Rxd7 26. Qxd7 Qd5 0-1

[Event "Hamburg-ch MA"]
[Site "Hamburg"]
[Date "2014.06.11"]
[Round "5"]
[White "Kopisch, Martin"]
[Black "Urban, Ralf Dieter"]
[Result "1/2-1/2"]
[WhiteElo "2147"]
[BlackElo "2030"]
[PlyCount "51"]
[EventDate "2014.06.07"]
[EventType "swiss"]
[EventRounds "9"]
[EventCountry "GER"]
[SourceTitle "CBM 161 Extra"]
[Source "ChessBase"]
[SourceDate "2014.08.29"]
[SourceVersion "1"]
[SourceVersionDate "2014.08.29"]
[SourceQuality "1"]

1. e4 e5 2. d4 exd4 3. Qxd4 Nc6 4. Qe3 Bb4+ 5. Bd2 Bxd2+ 6. Nxd2 Qf6 7. 0-0-0 d6 8. Ngf3 Be6 9. Bb5 Nge7 10. h3 a6 11. Ba4 b5 12. Bb3 a5 13. Bxe6 Qxe6 14. Qb3 0-0 15. Qxe6 fxe6 16. Rhf1 Ng6 17. g3 Rf6 18. Ne1 h5 19. Nd3 Raf8 20. h4 Nd4 21. Rde1 e5 22. Re3 c5 23. c3 c4 24. Ne1 Ne6 25. Re2 Nc5 26. Kc2 1/2-1/2

[Event "Hamburg-ch MA"]
[Site "Hamburg"]
[Date "2014.06.10"]
[Round "4"]
[White "Uksini, Bardhyl"]
[Black "Kopisch, Martin"]
[Result "1/2-1/2"]
[WhiteElo "2055"]
[BlackElo "2147"]
[PlyCount "43"]
[EventDate "2014.06.07"]
[EventType "swiss"]
[EventRounds "9"]
[EventCountry "GER"]
[SourceTitle "CBM 161 Extra"]
[Source "ChessBase"]
[SourceDate "2014.08.29"]
[SourceVersion "1"]
[SourceVersionDate "2014.08.29"]
[SourceQuality "1"]

1. Nf3 f5 2. d4 Nf6 3. c4 e6 4. g3 d5 5. Bg2 c6 6. Nc3 Be7 7. 0-0 0-0 8. Bf4 Nbd7 9. Ng5 Nb8 10. c5 h6 11. Nh3 Nbd7 12. Qd2 g5 13. Bxg5 hxg5 14. Qxg5+ Kh8 15. Nf4 Nh7 16. Ng6+ Kg7 17. Qxe7+ Kxg6 18. Qxe6+ Ndf6 19. Qe3 Ng5 20. Qd3 Qe7 21. f3 Re8 22. Kf2 1/2-1/2

[Event "Zalakaros op 31st"]
[Site "Zalakaros"]
[Date "2012.06.09"]
[Round "2"]
[White "Boronyak, Arpad"]
[Black "Kopisch, Martin"]
[Result "1/2-1/2"]
[WhiteElo "2233"]
[BlackElo "2122"]
[PlyCount "96"]
[EventDate "2012.06.08"]
[EventType "swiss"]
[EventRounds "9"]
[EventCountry "HUN"]
[SourceTitle "EXT 2014"]
[Source "ChessBase"]
[SourceDate "2013.11.20"]
[SourceVersion "1"]
[SourceVersionDate "2013.11.20"]
[SourceQuality "1"]

1. e4 c5 2. Nc3 a6 3. a4 Nc6 4. f4 e6 5. Nf3 d5 6. d3 Nf6 7. Be2 d4 8. Nb1 Rb8 9. 0-0 Qc7 10. Qe1 Be7 11. Ne5 0-0 12. Nd2 Nd7 13. Nxc6 Qxc6 14. a5 b5 15. axb6 Nxb6 16. b3 Bb7 17. Nf3 Nd7 18. Qg3 f5 19. Ne5 Qc7 20. exf5 exf5 21. Bf3 Rf6 22. Bxb7 Qxb7 23. Qf3 Qxf3 24. Rxf3 Rb7 25. Bd2 Ra7 26. Rff1 Nb6 27. Rfe1 Nd5 28. Nc4 Bd6 29. g3 Kf7 30. Ba5 Bc7 31. Ne5+ Bxe5 32. Rxe5 Rd7 33. Bd2 g6 34. Ra5 Rc6 35. Kf2 Kf6 36. b4 Nxb4 37. Rexc5 Rb6 38. Bxb4 Rxb4 39. Rxa6+ Kg7 40. Rac6 Rbb7 41. Kf3 Re7 42. Rc4 Re3+ 43. Kf2 Rb1 44. Rxd4 Rbe1 45. Rd7+ Kh6 46. Rcc7 R1e2+ 47. Kf1 Kh5 48. h3 Re1+ 1/2-1/2

[Event "Hamburg St Pauli op-A"]
[Site "Hamburg"]
[Date "2011.07.13"]
[Round "6"]
[White "Klein, Raimund"]
[Black "Kopisch, Martin"]
[Result "1/2-1/2"]
[WhiteElo "1968"]
[BlackElo "2148"]
[PlyCount "39"]
[EventDate "2011.07.09"]
[EventType "swiss"]
[EventRounds "9"]
[EventCountry "GER"]
[SourceTitle "CBM 143 Extra"]
[Source "ChessBase"]
[SourceDate "2011.08.29"]
[SourceVersion "1"]
[SourceVersionDate "2011.08.29"]
[SourceQuality "1"]

1. e4 e6 2. d4 d5 3. Nd2 c5 4. Ngf3 Nc6 5. c3 cxd4 6. cxd4 dxe4 7. Nxe4 Nf6 8. Bd3 Be7 9. 0-0 0-0 10. Bc2 Nb4 11. Bb1 Nbd5 12. Ne5 Bd7 13. Qd3 Nxe4 14. Qxe4 f5 15. Qf3 Be8 16. Rd1 Bd6 17. a3 Qh4 18. Qg3 Qh5 19. Qf3 Qh4 20. Qg3 1/2-1/2

[Event "Hamburg St Pauli op-A"]
[Site "Hamburg"]
[Date "2011.07.09"]
[Round "1"]
[White "Kopisch, Martin"]
[Black "Freter, Anke"]
[Result "1-0"]
[WhiteElo "2148"]
[BlackElo "1936"]
[PlyCount "57"]
[EventDate "2011.07.09"]
[EventType "swiss"]
[EventRounds "9"]
[EventCountry "GER"]
[SourceTitle "CBM 143 Extra"]
[Source "ChessBase"]
[SourceDate "2011.08.29"]
[SourceVersion "1"]
[SourceVersionDate "2011.08.29"]
[SourceQuality "1"]

1. d4 Nf6 2. Bg5 c5 3. Bxf6 gxf6 4. d5 d6 5. Nd2 f5 6. g3 Bg7 7. c3 Nd7 8. Bg2 0-0 9. Nh3 Ne5 10. Qc2 b5 11. 0-0 a5 12. Nf4 Rb8 13. Rad1 Qb6 14. e4 b4 15. c4 Bh6 16. exf5 Bxf4 17. gxf4 Ng4 18. Bh3 Nh6 19. Qe4 Rb7 20. Kh1 f6 21. Rg1+ Kh8 22. Rg3 Qd8 23. Rdg1 Qe8 24. Nf1 Qh5 25. Ne3 Rc7 26. b3 Ra7 27. Qg2 e5 28. fxe6 Re7 29. Nf5 1-0

[Event "Hamburg-ch int 12th"]
[Site "Hamburg"]
[Date "2009.06.02"]
[Round "4"]
[White "Sechting, Martin"]
[Black "Kopisch, Martin"]
[Result "0-1"]
[WhiteElo "2121"]
[BlackElo "2142"]
[PlyCount "76"]
[EventDate "2009.05.30"]
[EventType "swiss"]
[EventRounds "9"]
[EventCountry "GER"]
[SourceTitle "CBM 130 Extra"]
[Source "ChessBase"]
[SourceDate "2009.07.02"]
[SourceVersion "2"]
[SourceVersionDate "2009.07.15"]
[SourceQuality "1"]

1. d4 e6 2. e4 b6 3. Bd3 Bb7 4. Nf3 c5 5. c3 d6 6. 0-0 Nd7 7. Re1 Ngf6 8. d5 e5 9. Nbd2 Be7 10. Nf1 Qc7 11. c4 Nh5 12. Bc2 g6 13. Ba4 0-0-0 14. Ng5 Rdf8 15. Qg4 Nhf6 16. Qh3 Kb8 17. Qh6 Bc8 18. Qh3 Nh5 19. Bd1 h6 20. Nxf7 Rxf7 21. Bxh5 Nf6 22. Qg3 gxh5 23. Ne3 Ng4 24. Nxg4 hxg4 25. a4 a5 26. Bd2 h5 27. Ra3 h4 28. Qb3 Ka7 29. Qe3 Rh5 30. Rea1 Bg5 31. Qe1 Bxd2 32. Qxd2 Rh8 33. Re3 Rhf8 34. Re2 Qe7 35. Qh6 Bd7 36. b3 Qf6 37. Qd2 g3 38. fxg3 Qf1+ 0-1

[Event "Hamburg-ch int 12th"]
[Site "Hamburg"]
[Date "2009.06.01"]
[Round "3"]
[White "Kopisch, Martin"]
[Black "Siebrecht, Sebastian"]
[Result "0-1"]
[WhiteElo "2142"]
[BlackElo "2433"]
[PlyCount "76"]
[EventDate "2009.05.30"]
[EventType "swiss"]
[EventRounds "9"]
[EventCountry "GER"]
[SourceTitle "CBM 130 Extra"]
[Source "ChessBase"]
[SourceDate "2009.07.02"]
[SourceVersion "2"]
[SourceVersionDate "2009.07.15"]
[SourceQuality "1"]

1. d4 Nf6 2. Nf3 e6 3. e3 b6 4. Bd3 Bb7 5. c4 c5 6. Nc3 Be7 7. 0-0 cxd4 8. exd4 d6 9. b3 0-0 10. Bb2 Nbd7 11. Re1 Re8 12. Rc1 d5 13. Ne5 dxc4 14. bxc4 Bb4 15. Re3 Nf8 16. a3 Bd6 17. Qe2 Ng6 18. g3 Bf8 19. Re1 Rc8 20. h4 a6 21. Rd1 Rc7 22. h5 Nxe5 23. dxe5 Nd7 24. Be4 Qa8 25. Bxb7 Qxb7 26. Ne4 Nc5 27. Nd6 Bxd6 28. exd6 Rd7 29. Qg4 f5 30. Qd4 h6 31. a4 Nxa4 32. Ba3 Qc6 33. Rde1 Nc5 34. Qa1 Rxd6 35. Re5 Qf3 36. Bxc5 bxc5 37. Qa4 Red8 38. Rxe6 Rxe6 0-1

[Event "Hamburg-ch int 12th"]
[Site "Hamburg"]
[Date "2009.05.31"]
[Round "2"]
[White "Rosmann, Ilja"]
[Black "Kopisch, Martin"]
[Result "1/2-1/2"]
[WhiteElo "2282"]
[BlackElo "2142"]
[PlyCount "34"]
[EventDate "2009.05.30"]
[EventType "swiss"]
[EventRounds "9"]
[EventCountry "GER"]
[SourceTitle "CBM 130 Extra"]
[Source "ChessBase"]
[SourceDate "2009.07.02"]
[SourceVersion "2"]
[SourceVersionDate "2009.07.15"]
[SourceQuality "1"]

1. e4 c5 2. c3 Nf6 3. e5 Nd5 4. d4 cxd4 5. Nf3 e6 6. cxd4 d6 7. a3 Nd7 8. Bd3 Qc7 9. 0-0 a6 10. Re1 dxe5 11. dxe5 b5 12. Bg5 h6 13. Bh4 Bb7 14. Nbd2 Rc8 15. Nd4 Qb6 16. Qg4 g5 17. Nxe6 fxe6 1/2-1/2

[Event "Rewal op-A 12th"]
[Site "Rewal"]
[Date "2007.08.28"]
[Round "8"]
[White "Kowalska, Sara"]
[Black "Kopisch, Martin"]
[Result "1/2-1/2"]
[WhiteElo "1867"]
[BlackElo "2154"]
[PlyCount "66"]
[EventDate "2007.08.20"]
[EventType "swiss"]
[EventRounds "9"]
[EventCountry "POL"]
[SourceTitle "CBM 120 Extra"]
[Source "ChessBase"]
[SourceDate "2007.11.01"]
[SourceVersion "1"]
[SourceVersionDate "2007.11.01"]
[SourceQuality "1"]

1. d4 d5 2. c4 e6 3. Nc3 c6 4. Nf3 Nf6 5. cxd5 exd5 6. Bg5 Be7 7. Qc2 Bg4 8. Ne5 Be6 9. e3 Nbd7 10. Nxd7 Qxd7 11. Bd3 h6 12. Bh4 Nh5 13. Bg3 0-0 14. 0-0 Nxg3 15. hxg3 f5 16. Rab1 Bd6 17. Ne2 Rf6 18. b4 Rc8 19. a4 Qe7 20. Qb2 Bd7 21. Qd2 g5 22. f4 g4 23. Kf2 Re8 24. Rh1 Kg7 25. b5 Re6 26. bxc6 bxc6 27. Bxf5 Rxe3 28. Bd3 Bf5 29. Ba6 Bxb1 30. Rxb1 Kf6 31. Rb7 Qe6 32. Rxa7 Rb3 33. Rh7 Bf8 1/2-1/2

[Event "Rewal op-A 12th"]
[Site "Rewal"]
[Date "2007.08.21"]
[Round "1"]
[White "Koziak, Vitali"]
[Black "Kopisch, Martin"]
[Result "1/2-1/2"]
[WhiteElo "2441"]
[BlackElo "2154"]
[PlyCount "98"]
[EventDate "2007.08.20"]
[EventType "swiss"]
[EventRounds "9"]
[EventCountry "POL"]
[SourceTitle "CBM 120 Extra"]
[Source "ChessBase"]
[SourceDate "2007.11.01"]
[SourceVersion "1"]
[SourceVersionDate "2007.11.01"]
[SourceQuality "1"]

1. d4 d5 2. c4 c6 3. Nf3 Nf6 4. Qc2 g6 5. e3 Bf5 6. Bd3 Bxd3 7. Qxd3 Bg7 8. 0-0 0-0 9. Nc3 Nbd7 10. e4 dxe4 11. Nxe4 Nxe4 12. Qxe4 Re8 13. Bf4 Qa5 14. Rfe1 Rad8 15. b3 Nf6 16. Qc2 Qf5 17. Qd2 c5 18. Be5 cxd4 19. Nxd4 Qh5 20. h3 Ne4 21. Rxe4 Bxe5 22. Rae1 Bf6 23. Qe3 Qc5 24. Nb5 Qxe3 25. R4xe3 e6 26. c5 Bd4 27. Nxd4 Rxd4 28. Re4 Rd2 29. Ra4 a6 30. c6 bxc6 31. Rxa6 Red8 32. Re3 Rc2 33. Rf3 Rd7 34. g4 Kg7 35. a4 f5 36. a5 fxg4 37. hxg4 Rd4 38. Ra7+ Kh6 39. g5+ Kxg5 40. Rxh7 Ra2 41. Rg3+ Rg4 42. Rxg4+ Kxg4 43. b4 Kf3 44. Rf7+ Ke4 45. Rf6 Kd5 46. Rxg6 c5 47. bxc5 Rxa5 48. c6 Rc5 49. Rg5+ Kxc6 1/2-1/2

[Event "Balatonlelle op"]
[Site "Balatonlelle"]
[Date "2006.06.19"]
[Round "3"]
[White "Kopisch, Martin"]
[Black "Maringer, Walter"]
[Result "0-1"]
[WhiteElo "2171"]
[BlackElo "2090"]
[PlyCount "98"]
[EventDate "2006.06.17"]
[EventType "swiss"]
[EventRounds "9"]
[EventCountry "HUN"]
[SourceTitle "CBM 112 Extra"]
[Source "ChessBase"]
[SourceDate "2006.07.14"]
[SourceVersion "1"]
[SourceVersionDate "2006.07.14"]
[SourceQuality "1"]

1. d4 Nf6 2. Bg5 e6 3. e3 h6 4. Bh4 c5 5. c3 b6 6. Nd2 cxd4 7. cxd4 Be7 8. Bd3 Bb7 9. f3 Nd5 10. Bf2 Bh4 11. g3 Bg5 12. e4 Nb4 13. Bb1 Ba6 14. f4 Be7 15. a3 Nd3+ 16. Bxd3 Bxd3 17. Qf3 Ba6 18. Ne2 Nc6 19. 0-0 d5 20. e5 Qd7 21. Rac1 Rc8 22. Rc3 0-0 23. Rfc1 Na5 24. g4 Bxe2 25. Qxe2 Rxc3 26. Rxc3 Rc8 27. Nb1 Rxc3 28. Nxc3 Qc6 29. Be1 Nc4 30. h4 b5 31. Nd1 Qb6 32. Qf2 a5 33. Kg2 b4 34. a4 b3 35. Bc3 Qc6 36. f5 exf5 37. gxf5 Qxa4 38. f6 Bf8 39. fxg7 Bxg7 40. Ne3 Nxe3+ 41. Qxe3 Qd7 42. Qf4 a4 43. Kg3 Qe6 44. Qf1 h5 45. Qf3 Qg6+ 46. Kh3 Bh6 47. Qxd5 Qg4+ 48. Kh2 Bf4+ 49. Kh1 Qh3+ 0-1

[Event "Balatonlelle op"]
[Site "Balatonlelle"]
[Date "2006.06.18"]
[Round "2"]
[White "Pinter, Jozsef"]
[Black "Kopisch, Martin"]
[Result "1-0"]
[WhiteElo "2532"]
[BlackElo "2171"]
[PlyCount "63"]
[EventDate "2006.06.17"]
[EventType "swiss"]
[EventRounds "9"]
[EventCountry "HUN"]
[SourceTitle "CBM 112 Extra"]
[Source "ChessBase"]
[SourceDate "2006.07.14"]
[SourceVersion "1"]
[SourceVersionDate "2006.07.14"]
[SourceQuality "1"]

1. d4 d5 2. c4 c6 3. Nc3 dxc4 4. e3 Nf6 5. Bxc4 e6 6. Nf3 Nbd7 7. e4 b5 8. Bd3 a6 9. e5 Nd5 10. Nxd5 cxd5 11. 0-0 Bb7 12. Ng5 Be7 13. Qg4 Bxg5 14. Bxg5 Qb6 15. Rac1 Rc8 16. Be3 g6 17. Bh6 Rg8 18. Qh4 Nb8 19. Rxc8+ Bxc8 20. Bg5 h5 21. Rc1 Bb7 22. Qf4 Nc6 23. Qf6 Qc7 24. a4 bxa4 25. Bxa6 Ba8 26. Bb5 Kf8 27. Bxa4 Qa5 28. Bxc6 Bxc6 29. Qe7+ Kg7 30. Bf6+ Kh6 31. Qxf7 Qd2 32. Rf1 1-0

[Event "Budapest FS07 FM-B"]
[Site "Budapest"]
[Date "2004.07.12"]
[Round "2"]
[White "Dobos, Otto"]
[Black "Kopisch, Martin"]
[Result "1/2-1/2"]
[WhiteElo "2033"]
[BlackElo "2177"]
[PlyCount "120"]
[EventDate "2004.07.03"]
[EventType "tourn"]
[EventRounds "2"]
[EventCountry "HUN"]
[SourceTitle "EXT 2008"]
[Source "ChessBase"]
[SourceDate "2007.11.25"]
[SourceVersion "1"]
[SourceVersionDate "2007.11.25"]
[SourceQuality "1"]

1. d4 d5 2. Bf4 c5 3. c3 Nc6 4. e3 Nf6 5. h3 cxd4 6. exd4 a6 7. a4 Qb6 8. b4 e6 9. Nf3 Ne4 10. Bd3 Bd6 11. Bxd6 Nxd6 12. 0-0 Qc7 13. Re1 Bd7 14. Ne5 Nxe5 15. dxe5 Nc8 16. Qg4 g6 17. Qg5 Qd8 18. Qh6 Qe7 19. Nd2 Qf8 20. Qe3 Qe7 21. b5 0-0 22. Nf3 Kg7 23. Nh2 f5 24. exf6+ Qxf6 25. Ng4 Qf4 26. Qe2 Qd6 27. Ne5 Be8 28. Qe3 Qb6 29. Qd2 Nd6 30. a5 Qc5 31. bxa6 bxa6 32. Ng4 Nf7 33. Rxe6 Bd7 34. Rxa6 Bxg4 35. hxg4 Rab8 36. Bf1 Ne5 37. Qd4 Qxd4 38. cxd4 Nxg4 39. Rb6 Rbc8 40. Rb2 Nh6 41. a6 Rf7 42. Rb7 Nf5 43. Rxf7+ Kxf7 44. a7 Ra8 45. g4 Nxd4 46. Bg2 Ne2+ 47. Kf1 Nf4 48. Ra6 Ke7 49. Bf3 Kd7 50. g5 Kc7 51. Rf6 Nh3 52. Rf7+ Kc6 53. Rf6+ Kc5 54. Ra6 Nxg5 55. Ra5+ Kb6 56. Bxd5 Rxa7 57. Rxa7 Kxa7 58. Kg2 h6 59. f4 Nh7 60. Bf7 Nf8 1/2-1/2

[Event "Budapest FS07 FM-B"]
[Site "Budapest"]
[Date "2004.07.09"]
[Round "2"]
[White "Kopisch, Martin"]
[Black "Bogad, Peter"]
[Result "1/2-1/2"]
[WhiteElo "2177"]
[BlackElo "1974"]
[PlyCount "133"]
[EventDate "2004.07.03"]
[EventType "tourn"]
[EventRounds "2"]
[EventCountry "HUN"]
[SourceTitle "EXT 2008"]
[Source "ChessBase"]
[SourceDate "2007.11.25"]
[SourceVersion "1"]
[SourceVersionDate "2007.11.25"]
[SourceQuality "1"]

1. d4 e6 2. Nf3 c5 3. c4 cxd4 4. Nxd4 e5 5. Nc2 f5 6. Nc3 Nf6 7. g3 Nc6 8. Bg2 Bc5 9. 0-0 d6 10. b4 Bb6 11. Nd5 Be6 12. a4 0-0 13. Bg5 Rc8 14. a5 Bd4 15. Ra3 a6 16. Nxd4 Nxd4 17. e3 Nc6 18. Qa4 e4 19. Nb6 Rc7 20. Bf4 Nh5 21. Rd1 Nxf4 22. exf4 Qe7 23. Rc3 Rd8 24. Rc2 Qf7 25. Bf1 Ne7 26. Rcd2 Rc6 27. Qa3 Qf6 28. Qb2 Qxb2 29. Rxb2 Nc8 30. b5 axb5 31. cxb5 Rc7 32. Nd5 Rc5 33. Ne3 Kf7 34. a6 b6 35. Rb4 Na7 36. Nc4 Bxc4 37. Rxc4 Rxc4 38. Bxc4+ Ke7 39. Rb1 d5 40. Bf1 d4 41. Bc4 d3 42. Kf1 Rc8 43. Rb4 Kd6 44. Bxd3 exd3 45. Rd4+ Ke6 46. Rxd3 Rc5 47. Rd8 Rc8 48. Rd2 Nxb5 49. Rb2 Rc5 50. Kg2 Kd6 51. a7 Nxa7 52. Rxb6+ Kc7 53. Ra6 Nc8 54. h3 Rc6 55. Ra5 Nd6 56. Ra7+ Nb7 57. g4 Kb8 58. Ra3 Nd6 59. f3 g6 60. Re3 Rc7 61. Kg3 Kc8 62. Kh4 Kd8 63. Kg5 Nf7+ 64. Kf6 Nh8 65. Ra3 Rf7+ 66. Ke6 Re7+ 67. Kf6 1/2-1/2

[Event "Budapest FS07 FM-B"]
[Site "Budapest"]
[Date "2004.07.07"]
[Round "1"]
[White "Kopisch, Martin"]
[Black "Dobos, Otto"]
[Result "1-0"]
[WhiteElo "2177"]
[BlackElo "2033"]
[PlyCount "105"]
[EventDate "2004.07.03"]
[EventType "tourn"]
[EventRounds "2"]
[EventCountry "HUN"]
[SourceTitle "EXT 2008"]
[Source "ChessBase"]
[SourceDate "2007.11.25"]
[SourceVersion "1"]
[SourceVersionDate "2007.11.25"]
[SourceQuality "1"]

1. e4 d6 2. d4 Nf6 3. f3 c5 4. d5 Bd7 5. c4 g6 6. Nc3 Bg7 7. Be3 0-0 8. Qd2 a6 9. Bd3 Kh8 10. Bh6 Ng8 11. Bxg7+ Kxg7 12. g4 e5 13. h4 h6 14. a3 Qe8 15. a4 a5 16. Nge2 b6 17. Ng3 Na6 18. Be2 Nb4 19. b3 Ra7 20. 0-0-0 Rb7 21. Rdf1 Qc8 22. Rfg1 Kh7 23. Rg2 Qd8 24. Bd1 Qf6 25. Kb1 Qe7 26. Rhg1 Qf6 27. g5 Qg7 28. h5 Ne7 29. Rh1 Rh8 30. gxh6 Qf8 31. f4 Rg8 32. Nb5 Bxb5 33. axb5 exf4 34. Qxf4 Nc8 35. Bc2 Nxc2 36. Kxc2 Qe8 37. Rf2 Qe5 38. Qxe5 dxe5 39. hxg6+ fxg6 40. Rf6 Rd7 41. Kd3 Re7 42. Nf1 a4 43. bxa4 Ra7 44. Ne3 Rxa4 45. Ng4 Ra3+ 46. Ke2 Ra2+ 47. Kf3 Ra3+ 48. Kg2 Ra2+ 49. Kg3 Ra3+ 50. Kh4 Rc3 51. Rf7+ Kh8 52. Nf6 g5+ 53. Kh5 1-0